| 000 | 00482nam a22001457a 4500 | ||
|---|---|---|---|
| 003 | 0 | ||
| 005 | 20230610080237.0 | ||
| 008 | 230610b xxu||||| |||| 00| 0 eng d | ||
| 050 |
_aQA76.59 _b.Sa25 2022 |
||
| 245 |
_aPet adoption app: a mobile application designed for the future of the orphaned pets _cSalvador, Andrei L. |
||
| 260 |
_aLas Pinas City _bSouthville International School and Colleges _cC2022 |
||
| 300 |
_axi,135 _c28cm. |
||
| 500 | _aPet adoption app. | ||
| 942 |
_2lcc _cTH |
||
| 999 |
_c364960 _d364960 |
||